00829nam a2200241 a 4500008004100000020003200041040002500073041001300098044001100111080001700122100002600139245007800165250001300243260004900256300004200305490003400347500003600381700002700417700002400444958000600468999001700474952009600491951214s1988||||[C 0 slo c c15 Kčs. q(28000 výtl.) aSNKbslocSNKeAACR21 aslohhun axocSK a323.285(450)1 aFaragó, Jenő4aut10aTajomstvo lóže P-2cJenő Faragó ; Tibor Hradecký, Jozef Szabó a1., vyd. aBratislavabPravdac1988eBratislavafPravda a208 s., 10,70 AHbObr. príl.c20 cm0 aČlenská knižnica Pravda aFot. na front. a predsádkach.1 aHradecký, Tibor4trl1 aSzabó, Jozef4bkd aA c10623d10623 001040708Ka10000b10000d2019-11-29g15.00i09993oB 4172r2019-11-29w2019-11-29yKLDO